000 00719nam a2200241Ia 4500
003 OSt
005 20220924115840.0
006 a|||||r|||| 00| 0
007 ta
008 220923b |||||||| |||| 00| 0 urd d
020 _c150
024 _a349558
037 _b2554, 31/01/2008, Kitabi Duniya
_cTextual
040 _aARTS
_cARTS
_burd
041 _2urd
_aurd
082 _aO168,1:g, P1;P6
100 _aFaroqi Shamshur Rehman Au.
_9179879
245 0 _aUrdu ghazal ke aham mod
260 _aDelhi
_bGhalib Academy India
_c2006
650 _aURDU POETRY
942 _hO168,1:g, P1;P6
_cTEXL
_2CC
999 _c400188
_d400188